000 00672nam a2200229Ia 4500
003 OSt
005 20220926040825.0
006 a|||||r|||| 00| 0
007 ta
008 220923b |||||||| |||| 00| 0 eng d
037 _cGeneral Book
040 _aRTL
_cRTL
_beng
041 _2eng
_aeng
082 _aX:89Q1.73.N6, K7
100 _aZarnowitz Victor
_9279116
245 0 _aAppraisal of short-term economic forecasts
260 _c1967
490 _aNational Bureau of Economic Research (New York) occasional paper, 104
650 _aProduction Control
942 _hX:89Q1.73.N6, K7
_cGB
_2CC
999 _c665721
_d665721